| 000 | 00450nab a2200145Ia 4500 | ||
|---|---|---|---|
| 003 | ES-SlBCS | ||
| 005 | 20210601142036.0 | ||
| 008 | 140529s1957 xxu||||| |||| 00| 0 spa d | ||
| 041 | _aspa | ||
| 100 | 1 |
_aDerisi, Octavio Nicolás _926866 |
|
| 245 | 0 | 0 |
_aLa interioridad objetiva de M. F. Sciacca _c Octavio Nicolás Derisi |
| 600 | 1 | 4 |
_aSciacca _9141515 |
| 773 | 0 |
_tGiornali di Metafisica _gvol. 12, nº. 1, 1957, págs. 15-30 _w0017-0372 |
|
| 942 | _cAR | ||
| 999 |
_c670598 _d670598 |
||